Η 4η Βιομηχανική Επανάσταση μας Βρίσκει να Οδηγούμε τις Εξελίξεις / Generation Y (Record no. 8855)
[ view plain ]
| 000 -LEADER | |
|---|---|
| fixed length control field | 01045cam a22001814a 4500 |
| 005 - ΗΜΕΡΟΜΗΝΙΑ ΚΑΙ ΩΡΑ ΤΕΛΕΥΤΑΙΑΣ ΕΝΗΜΕΡΩΣΗΣ | |
| Πεδίο ελέγχου | 20250605164347.0 |
| 008 - FIXED-LENGTH DATA ELEMENTS--GENERAL INFORMATION | |
| Πεδίο ελέγχου σταθερού μήκους | 250528s ||||||||||||||||||||||||d |
| 035 ## - SYSTEM CONTROL NUMBER | |
| System control number | 23942 |
| 040 ## - ΠΗΓΗ ΚΑΤΑΛΟΓΟΓΡΑΦΗΣΗΣ | |
| Φορέας πρωτότυπης καταλογογράφησης | MC Athens Campus Library |
| Γλώσσα καταλογογράφησης | Ελληνικά, Μοντέρνα (1453-) |
| Modifying agency | MC Athens Campus Library |
| Κανόνες περιγραφικής καταλογογράφησης | AACR2 |
| 245 1# - ΤΙΤΛΟΣ ΚΑΙ ΔΗΛΩΣΗ ΥΠΕΥΘΥΝΟΤΗΤΑΣ | |
| Τίτλος | Η 4η Βιομηχανική Επανάσταση μας Βρίσκει να Οδηγούμε τις Εξελίξεις / Generation Y |
| 260 ## - PUBLICATION, DISTRIBUTION, ETC. | |
| Date of publication, distribution, etc. | 2019 |
| 520 ## - SUMMARY, ETC. | |
| Summary, etc. | Τραπεζική Καινοτομία: E-Payments σε Πραγματικό Χρόνο, Το Μέλλον είναι Visual και High Tech, Purposeful Καμπάνιες και Έμφαση στην Καινοτομία, Οι Τοπικές Αγορές Χρειάζονται Τοπικές Καμπάνιες, Απόλυτη Κυριαρχία των Ψηφιακών ΜΜΕ στον Τομέα της Ενημέρωσης, Η Γραμμή Βάσης για Κάθε Προϊόν. |
| 700 1# - ΠΡΟΣΘΕΤΗ ΑΝΑΓΡΑΦΗ--ΦΥΣΙΚΟ ΠΡΟΣΩΠΟ | |
| Personal name | Αντωνόπουλος Φώτης |
| 9 (RLIN) | 9355 |
| 710 2# - ΠΡΟΣΘΕΤΗ ΑΝΑΓΡΑΦΗ--ΣΥΛΛΟΓΙΚΟ ΟΡΓΑΝΟ | |
| Corporate name or jurisdiction name as entry element | Marketing Week |
| 9 (RLIN) | 9824 |
| 942 ## - ADDED ENTRY ELEMENTS (KOHA) | |
| Koha item type | Περιοδικά Δημοσιεύματα |
| Τύπος τεκμηρίου | Βιβλιοθήκη | Τρέχουσα τοποθεσία | Barcode | Ημερομηνία απόκτησης | Ταξιθετικό σύμβολο | Αριθμός αντιτύπου | Αρίθμηση σειρών / χρονολογία | Κατάσταση απόσυρσης | Κατάσταση χαμένου | Κατάσταση κατεστραμμένου | Μη δανεισμός | Σύνολο δανεισμών | Ημερομηνία τελευταίας εμφάνισης | Η τιμή ισχύει από |
|---|---|---|---|---|---|---|---|---|---|---|---|---|---|---|
| Περιοδικά Δημοσιεύματα | MC Athens Campus Library | MC Athens Campus Library | 9780000088543 | 05/06/2025 | MARKETING WEEK | 1 | 1560 | 05/06/2025 | 05/06/2025 |